000 00247nam a22001097a 4500
040 _cSK
082 _a364
100 _aNA
245 _aទីផ្សារ បក្សី ជ្រូក និងគោ
260 _aNA
_bNA
_c2007
942 _cKB
999 _c10360
_d10360